000 00309nam a22001337a 4500
008 171107b xxu||||| |||| 00| 0 eng d
020 _a9780077250331
041 _aeng
080 _23RD
_a721.053
100 _a62
101 _aAUD
245 _aAUDITING & ASSURANCE SERVICES
_cLOUWERS,T.J
942 _2udc
_cBK
999 _c38178
_d38178